[Event "Stay Safe Play From Home 144"]
[Site "T#645981Emanuel Laske"]
[Date "2020.05.12"]
[Round "9"]
[White "Timbre"]
[Black "Little champs"]
[Result "0-1"]
[WhiteElo "1640"]
[BlackElo "2137"]
[Annotator "TA"]
[PlyCount "86"]
[EventDate "2020.05.12"]
[EventType "swiss (blitz)"]

{[%evp 9,85,16,39,31,22,29,29,22,25,18,17,7,6,0,28,4,12,-34,-18,-15,-12,-16,18,0,19,-29,-35,-52,19,31,65,54,63,11,60,49,105,76,137,139,140,152,105,-64,-72,-76,-69,-866,0,0,83,0,356,0,45,-170,-161,-181,-174,-157,-158,-159,-161,-1164,-1156,-1407,-1388,-29975,-29976,-29971,-6358,-29990,-29991,-29991,-29992,-29993,-29994,-29999]} 1. d4 c6 2. Nf3 d5 3. c3 Nf6 4. Bf4 g6 5. e3 Bg7 6. Be2 {D02: 1 d4 d5 2 Nf3 sidelines, including 2...Nf6 3 g3 and 2...Nf6 3 Bf4.} O-O 7. Nbd2 b6 8. O-O {White has an edge.} Nbd7 9. Ne5 Bb7 {[#]} 10. Nxd7 $146 ({Predecessor:} 10. Ndf3 Nxe5 11. Nxe5 Nd7 12. Nxd7 Qxd7 13. Bg4 e6 14. h3 c5 15. Re1 Qc7 16. Rc1 {½-½ (22) Schwertel,J (1975)-Zhelesny,S (2173) Condino 2009}) 10... Nxd7 11. Nf3 f6 12. h3 e5 13. dxe5 fxe5 14. Bg3 Qe7 15. c4 Rad8 16. cxd5 cxd5 17. Qb3 Nc5 18. Qc2 e4 ({Black should try} 18... Kh8 $15) 19. Nd4 $11 Bxd4 20. exd4 Ne6 21. Be5 (21. Qd2 $1 $14) 21... Rc8 22. Qa4 Bc6 (22... Nf4 $14 23. Bg4 Rc4 24. Qxa7 h5) 23. Qb3 $16 Nf4 (23... Bb7 $142) 24. Bg4 Rcd8 25. Rac1 Qe8 26. a3 $2 ({Better is} 26. Qg3 $16 Nd3 {[%mdl 64] Double Attack} 27. Bc7) 26... Nd3 $15 27. Rc3 Ba4 28. Qb4 $2 {[%mdl 8192]} (28. Be6+ $15 Qxe6 29. Qxa4) 28... Nxe5 $2 (28... Nxb4 $19 29. axb4 h5) 29. dxe5 $11 {Hoping for e6.} Bb5 {[#]} (29... d4 $11 30. Rc7 Qxe5 31. Rxa7 Bb5) 30. Rfc1 (30. e6 $1 $16 {[%cal Re6e7]} a5 31. Qd4) 30... a5 $2 {[%mdl 8192]} (30... d4 $11 {and Black is okay.} 31. e6 a5) 31. Qb3 $2 ({White has to play} 31. Qd4 $18) 31... Bc4 (31... h5 $5 {[%cal Rh5g4]} 32. Be6+ Kh8 $11) 32. Qd1 $2 (32. Rxc4 $14 {stays ahead.} dxc4 33. Qxc4+ {[%mdl 64] Double Attack} Kh8 34. e6 (34. Qxe4 Qb5 $11)) 32... Qxe5 $19 33. Be2 Bxe2 34. Qxe2 d4 $36 {[%mdl 2048] Black has strong initiative.} 35. Rc7 d3 36. Qe3 $2 (36. Qd2) 36... d2 37. Rd1 Qxc7 38. Qxe4 Rfe8 39. Qb1 Qe5 40. Rf1 {[#]} Qe1 $1 {Black mates.} 41. Qa2+ Kh8 42. b4 {[#]} Qxf1+ $1 {[%mdl 64] Back Rank, Promotion} 43. Kxf1 d1=Q# {Accuracy: White = 48%, Black = 54%.} 0-1

[Event "Stay Safe Play From Home 144"]
[Site "T#645981Emanuel Laske"]
[Date "2020.05.12"]
[Round "9"]
[White "Gmbasti"]
[Black "Edmatuag"]
[Result "0-1"]
[WhiteElo "1632"]
[BlackElo "1705"]
[Annotator "NA RC"]
[PlyCount "74"]
[EventDate "2020.05.12"]
[EventType "swiss (blitz)"]

1. c4 {[%emt 0:00:02]} e6 {[%emt 0:00:00]} 2. e3 {[%emt 0:00:15]} Nf6 {[%emt 0:00:00]} 3. d4 {[%emt 0:00:00]} b6 {[%emt 0:00:00]} 4. Nc3 {[%emt 0:00:00]} Bb7 {[%emt 0:00:01]} 5. Nf3 {[%emt 0:00:01]} Bb4 {[%emt 0:00:01]} 6. Bd2 {[%emt 0:00:02]} O-O {[%emt 0:00:01]} 7. a3 {[%emt 0:00:01]} Bxc3 {[%emt 0:00:01]} 8. Bxc3 {[%emt 0:00:01]} d6 {[%emt 0:00:01]} 9. Bd3 {[%emt 0:00:01]} Nbd7 {[%emt 0:00:01]} 10. Qc2 {[%emt 0:00:01]} Re8 {[%emt 0:00:03]} 11. O-O {[%emt 0:00:01]} e5 {[%emt 0:00:01]} 12. dxe5 {[%emt 0:00:01]} Nxe5 {[%emt 0:00:01]} 13. Nxe5 {[%emt 0:00:01]} dxe5 {[%emt 0:00:03]} 14. f3 {[%emt 0:00:07]} Qe7 {[%emt 0:00:16]} 15. Rac1 {[%emt 0:00:09]} Rad8 {[%emt 0:00:07]} 16. Bf5 {[%emt 0:00:02]} c5 {[%emt 0:00:09]} 17. Rfd1 {[%emt 0:00:03]} g6 {[%emt 0:00:05]} 18. Bh3 {[%emt 0:00:04]} Nh5 {[%emt 0:00:11]} 19. Rxd8 {[%emt 0:00:25]} Rxd8 {[%emt 0:00:02]} 20. Rd1 {[%emt 0:00:00]} f6 {[%emt 0:00:05]} 21. Rxd8+ {[%emt 0:00:08]} Qxd8 {[%emt 0:00:01]} 22. Be6+ {[%emt 0:00:01]} Kg7 {[%emt 0:00:05]} 23. e4 {[%emt 0:00:02]} Nf4 {[%emt 0:00:05]} 24. Bd5 {[%emt 0:00:01]} Bxd5 {[%emt 0:00:06]} 25. cxd5 {[%emt 0:00:02]} Qd7 {[%emt 0:00:05]} 26. g3 {[%emt 0:00:01]} Nh3+ {[%emt 0:00:06]} 27. Kg2 {[%emt 0:00:01]} Ng5 {[%emt 0:00:01]} 28. h4 {[%emt 0:00:02]} Qh3+ {[%emt 0:00:02]} 29. Kg1 {[%emt 0:00:04]} Qxg3+ {[%emt 0:00:01]} 30. Kf1 {[%emt 0:00:01]} Qxf3+ {[%emt 0:00:09]} 31. Ke1 {[%emt 0:00:01]} Nxe4 {[%emt 0:00:03]} 32. Qe2 {[%emt 0:00:04]} Qxe2+ {[%emt 0:00:02]} 33. Kxe2 {[%emt 0:00:01]} Nxc3+ {[%emt 0:00:02]} 34. bxc3 {[%emt 0:00:01]} f5 {[%emt 0:00:00]} 35. d6 {[%emt 0:00:01]} Kf6 {[%emt 0:00:01]} 36. d7 {[%emt 0:00:03]} Ke7 {[%emt 0:00:01]} 37. d8=Q+ {[%emt 0:00:01]} Kxd8 {[%emt 0:00:01] Gmbasti gibt auf (Lag: Av=0.45s, max=0.9s)} 0-1